| 000 | 02001cam a22003734i 4500 | ||
|---|---|---|---|
| 003 | PE-LiUPU | ||
| 005 | 20250731183340.0 | ||
| 008 | 150923s2013 sp r 000 0 spa | ||
| 020 | _a9789962040699 | ||
| 020 | _a9962040698 | ||
| 035 | _a(Sirsi) i9789962040699 | ||
| 040 |
_aDLC _bspa _cDLC _dPE-LiUPU _erda |
||
| 082 | 0 | 4 |
_a729 _bP26 |
| 100 | 1 |
_aParedes Benítez, Cristina, _eautor. |
|
| 245 | 1 | 3 |
_aLa biblia de los materiales para el diseño y la construcción : _bvidrio-metal-hormigón-madera-piedra-tierra-carámica-materiales herbáceos-plásticos-varios / _cCristina Paredes Benítez. |
| 264 | 1 |
_aMadrid : _bLexus, _c2013. |
|
| 300 |
_a924 páginas : _bilustraciones ; _c31 centímetros. |
||
| 505 | 0 | _aVidrio -- Metal -- Hormigón -- Madera -- Piedra -- Tierra -- Cerámica -- Materiales herbáceos -- Plásticos -- Varios | |
| 526 | _aP158 | ||
| 526 | _aP146 | ||
| 526 | _aP17 | ||
| 526 | _aP12 | ||
| 526 | _aP06 | ||
| 541 | _g0020-0001185; | ||
| 650 | 1 | 4 |
_aDiseño arquitectónico. _94380 |
| 650 | 1 | 4 |
_aMateriales de construcción _vManuales. |
| 650 | 1 | 4 |
_aMateriales de construcción _vClasificación. |
| 942 |
_2ddc _cBOOK |
||
| 949 |
_a729 P26 _wDEWEY _c1 _i70734 _d2016-4-27 _e2016-4-24 _mBUL _n7 _p66.40 _r0 _sY _tBOOK _u2015-9-23 _xINGENIERIA _PP06 _0COMPRA _o.CIRCNOTE. El documento es muy costoso. _o.STAFF. Colección General |
||
| 949 |
_a729 P26 _wDEWEY _c2 _i74837 _lCCODEBUL1 _mBUL _p33.96 _r0 _sY _tBOOK _u2016-9-28 _xINGENIERIA _PP06 _0COMPRA _o.STAFF. Colección FIA |
||
| 596 | _a1 | ||
| 999 |
_a729 P26 _wDEWEY _c7286 _i70734 _d7286 _e2019-3-11 _f2021-11-10 _g8 _lCCODEBUL1 _mBUL _n10 _p66.40 _q2 _r0 _sY _tBOOK _u2015-9-23 _xINGENIERIA _PP06 _0COMPRA _o.CIRCNOTE. El documento es muy costoso. _o.STAFF. Colección General |
||
| 999 |
_a729 P26 _wDEWEY _c2 _i74837 _d2019-3-15 _e2019-3-11 _f2021-11-10 _g8 _lCCODEBUL1 _mBUL _n3 _p33.96 _q3 _r0 _sY _tBOOK _u2016-9-28 _xINGENIERIA _PP06 _0COMPRA _o.STAFF. Colección FIA |
||
| 980 |
_81 _gALBERTO SANCHEZ Responsable de Automatización |
||